Statistiques concernant Nombre de tournois du grand-chelem gagné par nation (ATP)

Cliquez ici pour prendre le quiz!

Statistiques générales

  • Ce quiz a été pris 55 fois
  • Le résultat moyen est 12 sur 20

Statistiques - réponses

HintRéponse% Correct
25Espagne
96%
52Etats-Unis
96%
16Serbie
93%
1France
89%
23Suisse
89%
7Allemagne
87%
4Russie
80%
3Royaume-Uni
78%
1Italie
72%
25Suède
70%
6Argentine
67%
20Australie
63%
1Autriche
54%
3Brésil
52%
2Croatie
48%
1Pays-Bas
17%
2Roumanie
15%
12République Tchèque
13%
1Afrique du Sud
9%
1Equateur
9%

Distribution des résultats

Percentile par nombre de réponses

% des personnes avec chaque résultat

Votre développement - résultats

Vous n’avez pas pris ce quiz